| 000 | 03255cam a2200313 a 4500 | ||
|---|---|---|---|
| 999 |
_c16448 _d16448 |
||
| 008 | 091229s2010 miu j b 001 0 eng | ||
| 010 | _a 2009053379 | ||
| 020 | _a9780737749687 (hardcover) | ||
| 020 | _a9780737749694 (pbk.) | ||
| 043 | _an-us--- | ||
| 050 | 0 | 0 |
_aLC40 _b.H6412 2010 |
| 245 | 0 | 0 |
_aHomeschooling / _cNoah Berlatsky, book editor. |
| 260 |
_aDetroit : _bGreenhaven Press, _cc2010. |
||
| 300 |
_a185 p. : _c24 cm. |
||
| 490 | 1 | _aOpposing viewpoints series | |
| 504 | _aIncludes bibliographical references (p. 172-175) and index. | ||
| 520 | _aThis volume explores the topics relating to homeschooling by presenting varied expert opinions that examine many of the different aspects that comprise these issues. Homeschooling is the education of children at home, typically by parents but sometimes by tutors, rather than in other formal settings of public or private school. The viewpoints are selected from a wide range of highly respected and often hard-to-find sources and publications. Allows the reader to attain the higher-level critical thinking and reading skills that are essential in a culture of diverse and contradictory opinions. | ||
| 650 | 0 |
_aHome schooling _zUnited States _vJuvenile literature. |
|
| 700 | 1 | _aBerlatsky, Noah. | |
| 942 |
_2lcc _cBOOKS _hLC40 .H6412 2010 |
||